ბათუმის შოთა რუსთაველის სახელმწიფო უნივერსიტეტის ბიბლიოთეკა

Discrete-time signal processing / (ბიბ.ჩანაწერი № 57458)

000 -LEADER
fixed length control field 01238cam a2200349 a 4500
001 - CONTROL NUMBER
control field 4802407
005 - DATE AND TIME OF LATEST TRANSACTION
control field 20200624122625.0
008 - FIXED-LENGTH DATA ELEMENTS--GENERAL INFORMATION
fixed length control field 880824s1989 njua b 001 0 eng
010 ## - LIBRARY OF CONGRESS CONTROL NUMBER
LC control number 88025562
020 ## - INTERNATIONAL STANDARD BOOK NUMBER
International Standard Book Number 013216292X
020 ## - INTERNATIONAL STANDARD BOOK NUMBER
International Standard Book Number 9780132162920
040 ## - CATALOGING SOURCE
Original cataloging agency DLC
Transcribing agency DLC
Modifying agency DLC
041 ## - LANGUAGE CODE
Language code of text/sound track or separate title gel
050 00 - LIBRARY OF CONGRESS CALL NUMBER
Classification number TK5102.5
Item number .O2452 1989
080 ## - UNIVERSAL DECIMAL CLASSIFICATION NUMBER
Universal Decimal Classification number 621.38 O-65
082 00 - DEWEY DECIMAL CLASSIFICATION NUMBER
Classification number 621.38/043
Edition number 19
100 1# - MAIN ENTRY--PERSONAL NAME
Personal name Oppenheim, Alan V.,
Dates associated with a name 1937-
9 (RLIN) 8494
245 10 - TITLE STATEMENT
Title Discrete-time signal processing /
Statement of responsibility, etc. Alan V. Oppenheim, Ronald W. Schafer.
260 ## - PUBLICATION, DISTRIBUTION, ETC.
Place of publication, distribution, etc. Englewood Cliffs, N.J. :
Name of publisher, distributor, etc. Prentice Hall,
Date of publication, distribution, etc. c1989.
300 ## - PHYSICAL DESCRIPTION
Extent xv, 879 p. :
Other physical details ill. ;
Dimensions 25 cm.
440 #0 - SERIES STATEMENT/ADDED ENTRY--TITLE
Title Prentice-Hall signal processing series
9 (RLIN) 8722
500 ## - GENERAL NOTE
General note Includes index.
504 ## - BIBLIOGRAPHY, ETC. NOTE
Bibliography, etc. note Bibliography: p. 851-868.
650 #0 - SUBJECT ADDED ENTRY--TOPICAL TERM
Topical term or geographic name entry element Signal processing
General subdivision Mathematics.
9 (RLIN) 8495
650 #0 - SUBJECT ADDED ENTRY--TOPICAL TERM
Topical term or geographic name entry element Discrete-time systems.
9 (RLIN) 8496
653 ## - INDEX TERM--UNCONTROLLED
keyword დისკრეტული დროული სიგნალის დამუშავება
653 ## - INDEX TERM--UNCONTROLLED
keyword მათემატიკა
653 ## - INDEX TERM--UNCONTROLLED
keyword ელექტროობა
700 1# - ADDED ENTRY--PERSONAL NAME
Personal name Schafer, Ronald W.,
Dates associated with a name 1938-
Relator term ავტორი
9 (RLIN) 8497
906 ## - LOCAL DATA ELEMENT F, LDF (RLIN)
a 7
b cbc
c orignew
d 1
e ocip
f 19
g y-gencatlg
942 ## - ADDED ENTRY ELEMENTS (KOHA)
Source of classification or shelving scheme
Koha item type წიგნი
ეგზემპლარები
Withdrawn status Lost status Source of classification or shelving scheme Damaged status Not for loan Permanent Location Current Location Shelving location Date acquired Cost, normal purchase price Full call number Barcode Date last seen Copy number Price effective from Koha item type Public note
          ბათუმის შოთა რუსთაველის სახელმწიფო უნივერსიტეტის მთავარი ბიბლიოთეკა ბათუმის შოთა რუსთაველის სახელმწიფო უნივერსიტეტის მთავარი ბიბლიოთეკა წიგნსაცავი 2020-06-24 84.00 621.38 O-65 60655 2020-06-24 60655 2020-06-24 წიგნი 84 ლ.